Statystyki dla Pierwsze 100 państw pod względem gęstości zaludnienia

Kliknij tutaj aby rozwiązać quiz!

Ogólne statystyki

  • Ten quiz został rozwiązany 2 592 razy
  • Średni wynik to 51 z 100

Statystyki odpowiedzi

Miejsce na rankinguGęstość (os/km2)KontynentNazwa państwa% Poprawnych
53.137AzjaChiny
94%
61.125EuropaPolska
91%
33.245EuropaNiemcy
88%
17.355AzjaIndie
86%
68.111EuropaFrancja
85%
18.337AzjaJaponia
82%
87.80EuropaHiszpania
80%
3.2070EuropaWatykan
79%
1.16477EuropaMonako
77%
31.248EuropaWielka Brytania
76%
45.176EuropaLuksemburg
74%
69.110EuropaPortugalia
74%
37.207EuropaWłochy
74%
56.131EuropaCzechy
73%
15.395EuropaHolandia
72%
13.461EuropaSan Marino
72%
19.316EuropaBelgia
71%
49.149EuropaAndora
70%
67.112EuropaSłowacja
70%
12.490AzjaKorea Południowa
69%
88.80EuropaUkraina
69%
81.90AzjaTurcja
68%
85.81EuropaGrecja
67%
74.98EuropaAustria
66%
59.125EuropaDania
66%
62.124AzjaIndonezja
66%
76.96EuropaSłowenia
66%
42.179EuropaSzwajcaria
65%
89.80EuropaChorwacja
64%
64.123EuropaSerbia
64%
92.76AfrykaEgipt
63%
4.1267EuropaMalta
62%
36.215EuropaLiechtenstein
61%
78.95EuropaRumunia
61%
40.187AzjaKorea Północna
60%
71.109EuropaWęgry
60%
24.296AzjaIzrael
59%
65.115Ameryka Płn.Kuba
59%
30.262AzjaWietnam
59%
50.148AfrykaNigeria
57%
60.125EuropaAlbania
56%
7.961AzjaBangladesz
56%
98.70EuropaBułgaria
56%
39.188AzjaPakistan
56%
2.6650AzjaSingapur
56%
10.628AzjaTajwan
56%
84.83EuropaMacedonia
55%
58.128EuropaTajlandia
54%
83.86AzjaCypr
53%
94.72AzjaKatar
53%
90.78EuropaBośnia i Hercegowina
52%
79.93Ameryka Płn.Dominika
52%
55.133EuropaMołdawia
51%
27.282Ameryka Płn.Haiti
50%
38.198AzjaNepal
50%
41.186Ameryka Płn.Dominikana
49%
26.292AzjaFilipiny
49%
96.71AzjaGruzja
49%
97.71EuropaMalezja
48%
32.245Ameryka Płn.Jamajka
47%
66.112AzjaArmenia
46%
95.71AfrykaMaroko
46%
77.96AzjaSyria
46%
63.123AzjaKuwejt
45%
23.297AzjaSri Lanka
45%
80.92AzjaAzerbejdżan
43%
93.75AzjaKambodża
43%
16.358AzjaLiban
41%
91.78Ameryka Płn.Kostaryka
40%
6.1076AzjaBahrajn
38%
5.1099AzjaMalediwy
36%
43.177AfrykaSeszele
35%
57.130Ameryka Płn.Gwatemala
34%
82.87AfrykaGhana
33%
75.98AfrykaTogo
33%
35.219Ameryka Płn.Trynidad i Tobago
33%
46.176OceaniaMikronezja
32%
9.645Ameryka Płn.Barbados
31%
99.68AzjaTimor Wschodni
31%
11.599OceaniaNauru
30%
14.435OceaniaTuvalu
30%
70.109AfrykaUganda
30%
22.300AfrykaRwanda
29%
20.312OceaniaWyspy Marshalla
28%
51.145OceaniaTonga
27%
47.154Ameryka Płn.Antigua i Barbuda
26%
54.134AfrykaGambia
26%
28.271Ameryka Płn.Grenada
26%
52.145OceaniaKiribati
26%
8.651AfrykaMauritius
26%
48.154Ameryka Płn.Saint Kitts i Nevis
26%
34.231AfrykaBurundi
25%
25.294AfrykaKomory
25%
29.263Ameryka Płn.Saint Lucia
25%
21.308Ameryka Płn.Saint Vincent i Grenadyny
24%
73.102AfrykaMalawi
20%
86.81AfrykaSierra Leone
20%
100.67AfrykaSuazi
20%
72.108AfrykaRepublika Zielonego Przylądka
12%
44.177AfrykaWyspy Świętego Tomasza i Książęca
9%

Rozkład punktacji

Percentyl według liczby udzielonych odpowiedzi

Procent ludzi z każdym wynikiem

Twoja historia wyników

Nie rozwiązałeś tego quizu